000 00364nam a2200133Ia 4500
005 20260328104343.0
008 260328s9999||||xx |||||||||||||| ||und||
100 _aCordero, Elisa
245 0 _aColores de Valdivia , tres barrios de la isla teja . /
_cElisa Cordero
260 _bAmerica Impresiones
300 _a96 p.
650 _aARQUITECTURA
942 _cBK
999 _c12201
_d12201